[Event "Wroclaw op 9th"]
[Site "Wroclaw"]
[Date "2014.07.04"]
[Round "8"]
[White "Musiala, Jakub"]
[Black "Kaczmarczyk, Jakub"]
[Result "0-1"]
[WhiteElo "1394"]
[BlackElo "1506"]
[PlyCount "86"]
[EventDate "2014.06.29"]
[EventType "swiss"]
[EventRounds "9"]
[EventCountry "POL"]
[SourceTitle "EXT 2015"]
[Source "ChessBase"]
[SourceDate "2014.11.20"]
[SourceVersion "1"]
[SourceVersionDate "2014.11.20"]
[SourceQuality "1"]

1. e4 c6 2. d4 d5 3. Nd2 dxe4 4. Nxe4 Nd7 5. Nf3 Ngf6 6. Neg5 Qc7 7. c3 e6 8. Bd3 Bd6 9. Ne4 Nxe4 10. Bxe4 Nf6 11. Bd3 Bd7 12. 0-0 Bf4 13. Bxf4 Qxf4 14. Re1 0-0 15. Ne5 Rad8 16. Re3 g6 17. Rh3 Nd5 18. Qc2 Ne7 19. Re1 Qf6 20. Re4 Nf5 21. g4 Nd6 22. g5 Qxg5+ 23. Rg4 Qf6 24. Rgh4 h5 25. Qd2 Nf5 26. Bxf5 exf5 27. f4 Rfe8 28. Qf2 Qe6 29. b3 c5 30. dxc5 Bc6 31. Qf1 Rd2 32. Rg3 Qd5 33. Nf3 Rd1 34. Rxh5 Rxf1+ 35. Kxf1 Qd1+ 36. Kg2 Bxf3+ 37. Rxf3 gxh5 38. Rg3+ Kf8 39. c6 bxc6 40. a4 Re1 41. b4 Rg1+ 42. Kh3 Rxg3+ 43. hxg3 Qf1+ 0-1

[Event "Wroclaw op-B 7th"]
[Site "Wroclaw"]
[Date "2012.07.04"]
[Round "3"]
[White "Kucharska, Honorata"]
[Black "Kaczmarczyk, Jakub"]
[Result "0-1"]
[WhiteElo "1617"]
[BlackElo "1466"]
[PlyCount "94"]
[EventDate "2012.07.02"]
[EventType "swiss"]
[EventRounds "9"]
[EventCountry "POL"]
[SourceTitle "EXT 2013"]
[Source "ChessBase"]
[SourceDate "2012.11.22"]
[SourceVersion "1"]
[SourceVersionDate "2012.11.22"]
[SourceQuality "1"]

1. e4 d6 2. d4 Nf6 3. Nc3 g6 4. Nf3 Bg7 5. Bd3 c6 6. Qe2 Nbd7 7. e5 dxe5 8. Nxe5 Nxe5 9. dxe5 Nd5 10. 0-0 Nxc3 11. bxc3 0-0 12. f4 Qc7 13. Ba3 c5 14. Bc4 e6 15. Qe3 b6 16. Rae1 Bb7 17. Be2 Rfe8 18. Bf3 Bxf3 19. Qxf3 Rad8 20. Bc1 Qd7 21. c4 Qd4+ 22. Be3 Qxc4 23. g4 Qxc2 24. h4 Qc4 25. h5 Rd3 26. hxg6 fxg6 27. f5 exf5 28. gxf5 Bxe5 29. fxg6 hxg6 30. Qg2 Qe6 31. Bf2 Rd6 32. Re3 Rd2 33. Rfe1 Qd6 34. Qh3 Rxf2 35. Kxf2 Bd4 36. Qh6 Bxe3+ 37. Rxe3 Qd2+ 38. Kf1 Rxe3 39. Qxg6+ Kf8 40. Qf6+ Ke8 41. Qg6+ Kd7 42. Qg4+ Kc6 43. Qg6+ Kb5 44. a4+ Ka6 45. a5 Rf3+ 46. Kg1 Qf2+ 47. Kh1 Rh3# 0-1